<?xml version="1.0" encoding="UTF-8"?>
<collection xmlns="http://www.loc.gov/MARC21/slim">
 <record>
  <leader>00847pamaa2200241   4500</leader>
  <controlfield tag="001">0000048762</controlfield>
  <controlfield tag="005">20130320090000.0</controlfield>
  <controlfield tag="008">110214                             eng  </controlfield>
  <datafield tag="020" ind1="0" ind2="0">
   <subfield code="a">0071239278 (pbk.) </subfield>
  </datafield>
  <datafield tag="082" ind1=" " ind2=" ">
   <subfield code="a">658.15 CAS</subfield>
  </datafield>
  <datafield tag="090" ind1="0" ind2="0">
   <subfield code="a">HG4026 </subfield>
   <subfield code="b">CAS 2005</subfield>
  </datafield>
  <datafield tag="245" ind1="0" ind2="0">
   <subfield code="a">Case Problems in finance  </subfield>
   <subfield code="c">W. Carl Kester, Richard S. Ruback and Peter Tufano.</subfield>
  </datafield>
  <datafield tag="250" ind1="0" ind2="0">
   <subfield code="a">12th ed.</subfield>
  </datafield>
  <datafield tag="260" ind1="0" ind2="0">
   <subfield code="a">Chicago: </subfield>
   <subfield code="b">Irwin/McGraw-Hill, </subfield>
   <subfield code="c">2005.</subfield>
  </datafield>
  <datafield tag="300" ind1=" " ind2=" ">
   <subfield code="a">x, 806p.; </subfield>
   <subfield code="c">26cm.</subfield>
  </datafield>
  <datafield tag="500" ind1="0" ind2="0">
   <subfield code="a">To acompany textbook titled &quot;Case Problems in finance / W. Carl Kester, Richard S. Ruback and Peter Tufano&quot;</subfield>
  </datafield>
  <datafield tag="501" ind1="0" ind2="0">
   <subfield code="a">MBADI</subfield>
  </datafield>
  <datafield tag="650" ind1="0" ind2="0">
   <subfield code="a">Corporations -- </subfield>
   <subfield code="x">Finance -- </subfield>
   <subfield code="x">Case studies </subfield>
  </datafield>
  <datafield tag="650" ind1="0" ind2="0">
   <subfield code="a">Business enterprises -- </subfield>
   <subfield code="x">Finance -- </subfield>
   <subfield code="x">Case studies </subfield>
  </datafield>
  <datafield tag="700" ind1="1" ind2="1">
   <subfield code="a">Kester, </subfield>
   <subfield code="h">W. Carl </subfield>
  </datafield>
  <datafield tag="700" ind1="1" ind2="1">
   <subfield code="a">Tufano, </subfield>
   <subfield code="h">Peter </subfield>
  </datafield>
  <datafield tag="700" ind1="1" ind2="1">
   <subfield code="a">Ruback, </subfield>
   <subfield code="h">Richard S. </subfield>
  </datafield>
  <datafield tag="901" ind1=" " ind2=" ">
   <subfield code="u">www.mhhe.com</subfield>
  </datafield>
 </record>
</collection>
